ABA Fundamentals Forensic Science /

Detalles Bibliográficos
Autor principal: Lyle, D. P.
Formato: eBook
Lenguaje:inglés
Publicado: Chicago: American Bar Association, 2012
Materias:
Acceso en línea:Acceso restringido

MARC

LEADER 00000nam a22000007a 4500
005 20210224212633.0
007 cr|||| ||||
008 210224s2012 us |||||s|||| 00||0 eng d
020 |a 9781614383529 
035 |a 31224 
040 |a vLex 
090 |c 11253  |d 11253 
100 1 |a Lyle, D. P. 
245 1 0 |a ABA Fundamentals  |h [Recurso electrn̤ico] :  |b Forensic Science /  |c D. P. Lyle 
256 |a Servicio en ln̕ea 
260 |a Chicago:  |b American Bar Association,  |c 2012 
300 |a 1 recurso electrn̤ico 
500 |a For the practicing attorney, an understanding of forensic science is essential—not just those lawyers involved in criminal cases, but also those who deal with civil litigation, contracts, dispute resolution, mediation, and virtually every other arena of legal practice. Forensic science is a huge eld, encompassing scientic disciplines from anatomy to pharmacology to entomology and touching many different kinds of legal cases. ABA Fundamentals: Forensic Science opens the door to the many disciplines that comprise forensic science and provides a broad understanding of its uses and limitations, as well as an in-depth understanding of the most commonly employed forensic techniques—the ones you see on TV, read in the paper, and confront in your practice. Open the door to the many disciplines that comprise forensic science and gain a broad understanding of its uses and limitations, as well as an in depth understanding of the most commonly employed forensic techniques. 
506 1 |a Disponible solo en los productos indicados  |d vLex Global  |d vLex Global (Academic Edition, excluding Law Schools)  |d vLex Global (Academic Edition, Law Schools) 
650 0 4 |a Derecho Penal  |z Estados Unidos 
740 0 |a vLex Libros (Servicio en ln̕ea) 
856 4 0 |u http://vlex.com/source/aba-fundamentals-forensic-science-31224  |z Acceso restringido 
942 |c BOOK 
999 0 |a Criminal law